| 000 | 01246nam a2200373 a 4500 | ||
|---|---|---|---|
| 001 | 21039 | ||
| 003 | VRT | ||
| 005 | 20260210163031.0 | ||
| 008 | 250414s1989 xo 0 slo | ||
| 015 | _aSNBA1989/07 | ||
| 035 | _aSNK000024387 | ||
| 039 | 9 |
_a202504141425 _bVLOAD _c202411181551 _dAUTHORITY _c202403131450 _dVLOAD _c202208121244 _dAUTHORITY |
|
| 040 |
_aSNK _bslo _cSNK _eAACR2 |
||
| 041 | 0 | _aslo | |
| 044 |
_axo _cSK |
||
| 080 |
_a869.0 (81)-3 _21981 |
||
| 100 | 1 |
_aAmado, Jorge, _d1912-2001 _4aut |
|
| 245 | 1 | 0 |
_aTereza _cJorge Amado ; Emília Obuchová, Ladislav Franek, Klára Šmídová, Karol Rosmány |
| 250 | _a1. vyd. | ||
| 260 |
_aBratislava _bSmena _c1989 _eBratislava _fPravda |
||
| 300 |
_a472 s., 29,08 AH _c20 cm |
||
| 366 | _e30000 výtl. | ||
| 490 | 0 |
_aEva _vZv. 109. |
|
| 500 | _aIlustr. na front. | ||
| 700 | 1 |
_aObuchová, Emília, _d1932- _4trl |
|
| 700 | 1 |
_aFranek, Ladislav, _d1947- _4[ADC] |
|
| 700 | 1 |
_aŠmídová, Klára, _d1956- _4bkd |
|
| 700 | 1 |
_aRosmány, Karol, _d1937-2022 _4bkd |
|
| 942 |
_2ddc _cKLDO _n0 |
||
| 949 |
_617A0074366 _9P60, <04>, [BOOK], {604} _asnkSC 74503 D1 |
||
| 949 |
_617A0997102 _asnkSC 74503 |
||
| 999 |
_c21039 _d21039 |
||